Life Of John Henry Cardinal Newman Vol I Based On His Private Journa (Record no. 3507)

MARC details
000 -LEADER
fixed length control field 00447nam a2200145Ia 4500
008 - FIXED-LENGTH DATA ELEMENTS--GENERAL INFORMATION
fixed length control field 211109s9999||||xx |||||||||||||| ||und||
082 ## - DEWEY DECIMAL CLASSIFICATION NUMBER
Classification number 920
Item number WAR-L
100 ## - MAIN ENTRY--PERSONAL NAME
Personal name Ward, Welfrid,
245 #0 - TITLE STATEMENT
Title Life Of John Henry Cardinal Newman Vol I Based On His Private Journa
260 ## - PUBLICATION, DISTRIBUTION, ETC.
Name of publisher, distributor, etc. LONGMANS GREEN & Co.
Place of publication, distribution, etc. London
Date of publication, distribution, etc. 1913
300 ## - PHYSICAL DESCRIPTION
Extent 627p
630 ## - SUBJECT ADDED ENTRY--UNIFORM TITLE
General subdivision General Stack
650 ## - SUBJECT ADDED ENTRY--TOPICAL TERM
Topical term or geographic name entry element Biography, genealogy & insignia
942 ## - ADDED ENTRY ELEMENTS (KOHA)
Koha item type BOOK
650 ## - SUBJECT ADDED ENTRY--TOPICAL TERM
General subdivision Biography- Autobiography
Holdings
Withdrawn status Lost status Damaged status Not for loan Home library Current library Date acquired Cost, normal purchase price Total Checkouts Full call number Barcode Shelving location Date last seen Date last checked out Price effective from Koha item type
        SB LIBRARY SB LIBRARY 09/11/2021 100.00 1 920 WAR-L 00003848 GENERAL STACK 10/07/2024 25/06/2024 09/11/2021 BOOK

Powered by Koha